000 00461nab a2200145Ia 4500
003 ES-SlBCS
005 20210601140420.0
008 140529s1954 xxu||||| |||| 00| 0 spa d
041 _aspa
100 1 _aLafuente Ferrari, Enrique
_932476
245 0 0 _aPanorama y problemas de la pintura española
_c Enrique Lafuente Ferrari
650 0 4 _aPintura Española
_994976
773 0 _tCuadernos Hispanoamericanos
_gnº. 57, 1954, págs. 336-347
_wRev1135
942 _cAR
999 _c644186
_d644186